Gemeenten grenzend aan het IJsselmeergebied op een kaart - Statistieken

Algemene statistieken
  • Deze quiz is 44 keer genomen
  • De gemiddelde score is 22 van 34
Antwoorden op de kaart
Antwoorden kleurgecodeerd door een groen-rode schaal op de quizkaart volgens % correct hieronder.
 
Antwoordstatistieken
Provincie Gemeente % Correct
Flevoland Almere
96%
Noord-Holland Amsterdam
96%
Flevoland Lelystad
93%
Flevoland Urk
93%
Flevoland Dronten
89%
Gelderland Harderwijk
86%
Flevoland Noordoostpolder
86%
Flevoland Zeewolde
86%
Noord-Holland Enkhuizen
79%
Noord-Holland Hoorn
79%
Overijssel Kampen
79%
Gelderland Nijkerk
75%
Gelderland Ermelo
71%
Gelderland Putten
71%
Noord-Holland Huizen
68%
Gelderland Nunspeet
68%
Noord-Holland Diemen
64%
Gelderland Elburg
64%
Noord-Holland Hollands Kroon
64%
Noord-Holland Edam-Volendam
61%
Friesland Súdwest-Fryslân
61%
Utrecht Bunschoten
57%
Noord-Holland Medemblik
57%
Noord-Holland Blaricum
54%
Overijssel Steenwijkerland
54%
Noord-Holland Waterland
54%
Noord-Holland Gooise Meren
50%
Noord-Holland Stede Broec
46%
Friesland De Fryske Marren
43%
Utrecht Eemnes
43%
Noord-Holland Koggenland
43%
Noord-Holland Drechterland
39%
Gelderland Oldebroek
39%
Overijssel Zwartewaterland
39%
Geen overeenkomende quizzen gevonden
Scoreverdeling
Procent van Mensen met Elke Score
Percentiel versus Aantal Correcte Antwoorden
Uw Scoregeschiedenis
U heeft deze quiz nog niet genomen